| 000 | 00735cam a22002537a 4500 | ||
|---|---|---|---|
| 003 | CHAP | ||
| 005 | 20220329135649.0 | ||
| 008 | 971013s r 00010 d | ||
| 010 | _a40151 | ||
| 011 | _a41123 | ||
| 035 | _a45249 | ||
| 040 | _cCHAP | ||
| 090 | _aR-712 | ||
| 100 | 0 | 0 |
_aFlorence, W. G. S. _941351 |
| 245 | 1 | 4 | _aThe organic and mineral composition of Lupins |
| 500 | _aSobretiro de : S. Afr. J. Agric. Sci. 8:289-290, 1965 | ||
| 590 |
_aBATCH-UPD _b10 _c20130110 _lUCH01 _h0010 |
||
| 590 |
_aBATCH-UPD _b10 _c20130110 _lUCH01 _h2130 |
||
| 590 |
_aCONVERSION _b10 _c20130109 _lUCH01 _h1322 |
||
| 650 | 1 | 4 |
_aLupino como forraje. _969167 |
| 901 | _aBK | ||
| 942 | _cREIMP | ||
| 949 |
_aR-712 _bBC _cR _d-103442 _eTS1 _i45249 _si |
||
| 999 |
_c40151 _d40151 |
||